Les joueurs transférés à l'Olympique Lyonnais (depuis 2000) - Statistiques

Statistiques générales
  • Ce quiz a été pris 256 fois
    220 depuis la dernière actualisation
  • Le résultat moyen est 10 sur 22
Statistiques - réponses
Prix en millions Année Joueurs % Correct
16 2016 Memphis Depay
78%
24 2009 Lisandro Lopez
77%
24 2019 Joachim Andersen
71%
22 2010 Yoann Gourcuff
71%
10 2017 Bertrand Traoré
61%
18 2009 Michel Bastos
59%
22 2018 Moussa Dembele
58%
22 2019 Thiago Mendes
57%
25 2019 Jeff Reine Adelaide
56%
13 2009 Bafetimbi Gomis
52%
16,8 2007 Abdul Kader Keita
43%
11,7 2003 Michael Essien
41%
14 2008 Jean II Makoun
34%
15,6 2005 Fred
33%
11 2017 Martin Terrier
28%
14,9 2008 Ederson
27%
16,2 2009 Aly Cissokho
25%
13,1 2015 Sergi Darder
23%
10,1 2005 Tiago
20%
12 2001 Eric Carriere
15%
11 2000 Edmilson
14%
10 2017 Pape Cheikh
8%
Aucun quiz correspondant
Distribution des résultats
% des personnes avec chaque résultat
Percentile par nombre de réponses
Votre historique - résultats
Vous n’avez pas pris ce quiz depuis la dernière actualisation